Loading...
Armstrong's essential human resource management practice:a guide to people management.
| Main Author: | |
|---|---|
| Format: | Printed Book |
| Published: |
London
Kogan Page
2010
|
| Subjects: |
| LEADER | 00543nam a22001457a 4500 | ||
|---|---|---|---|
| 020 | |a 9780749459895 | ||
| 082 | |a 658.3 |b ARM/A | ||
| 100 | |a Armstrong,Michael | ||
| 245 | |a Armstrong's essential human resource management practice:a guide to people management. | ||
| 260 | |a London |b Kogan Page |c 2010 | ||
| 300 | |a 424p. | ||
| 650 | |a Personnel management-Handbooks,manuals,etc. | ||
| 942 | |c BK | ||
| 999 | |c 36189 |d 36189 | ||
| 952 | |0 0 |1 0 |4 0 |6 658_300000000000000_ARMA |7 0 |8 Stack |9 38291 |a KUCL |b KUCL |c Stack |d 2015-11-25 |l 0 |o 658.3 ARM/A |p 35508 |r 2015-11-25 |w 2015-11-25 |y BK | ||